Entry Nombre personal
001 - NÚMERO DE CONTROL
- campo de control: 137576
003 - IDENTIFICADOR DE NÚMERO DE CONTROL
- campo de control: SpMaBN
005 - FECHA Y HORA DE LA ÚLTIMA TRANSACCIÓN
- campo de control: 20250827042126.0
008 - ELEMENTOS DE DATO DE LONGITUD-FIJA
- campo de control de longitud fija: 901120nn aijnnaabn n aaa
016 ## - NÚMERO DE CONTROL DE UNA AGENCIA BIBLIOGRÁFICA NACIONAL
- Número de control del registro: BNE19900598923
024 7# - IDENTIFICADOR DE OTROS ESTÁNDARES
- Número estándar o código: http://viaf.org/viaf/59157343/
- Fuente: viaf
024 7# - IDENTIFICADOR DE OTROS ESTÁNDARES
- Número estándar o código: https://isni.org/isni/0000000059448281
- Fuente: isni
024 7# - IDENTIFICADOR DE OTROS ESTÁNDARES
- Número estándar o código: http://www.wikidata.org/entity/Q6173654
- Fuente: wikidata
040 ## - FUENTE DE CATALOGACIÓN
- Centro catalogador/agencia de origen: SpMaBN
- Lengua de catalogación: spa
- Centro/agencia transcriptor: SpMaBN
- Normas de descripción: rdc
- Convención/Normas de encabezamiento de materia/tesauro: embne
046 ## - FECHAS CON CODIFICACIÓN ESPECIAL
- Fecha de nacimiento: 1946
100 1# - ENCABEZAMIENTO-NOMBRE DE PERSONA
- Nombre de persona: Reyes, Ángela,
- Fechas asociadas al nombre: 1946-
370 ## - LUGAR ASOCIADO
- Lugar de nacimiento: Jimena de la Frontera, Cádiz, España
- Fuente de información: (Wikidata)
- Número de control del registro de autoridad o número normalizado: XX454478
372 ## - CAMPO DE ACTIVIDAD
- Campo de actividad: Poesía
- Fuente de información: Wikidata
374 ## - OCUPACIÓN
- Ocupación: Escritores
- Fuente de información: Wikidata
375 ## - GÉNERO/SEXO
- Género: Femenino
377 ## - IDIOMA ASOCIADO
- Término de lengua/lenguaje: Español
670 ## - FUENTE DE DATOS ENCONTRADOS
- Cita de la fuente: Lázaro dudaba, 1987
670 ## - FUENTE DE DATOS ENCONTRADOS
- Cita de la fuente: Carméndula, 2000
- Información encontrada: port. (Ángela Reyes) solapa (n. 1946 en Jimena de la Frontera, Cádiz; escribe poesía, cuentos y novela)
